Scrambled Indiana Cities - Statistics

General Stats
  • This quiz has been taken 17 times
  • The average score is 10 of 12
Answer Stats
Hint Answer % Correct
moolbongitn Bloomington
100%
armlec Carmel
100%
iiiaaodnnpls Indianapolis
100%
hotsu denb South Bend
100%
yagr Gary
93%
locubums Columbus
86%
shrfies Fishers
86%
ovensellerjiff Jeffersonville
86%
sevillenav Evansville
71%
bellevilson Noblesville
71%
choirdmn Richmond
57%
reenactgels Greencastle
36%
No matching quizzes found
Score Distribution
Percent of People with Each Score
Percentile by Number Answered
Your Score History
You have not taken this quiz